Psicología general

Guardat en:
Dades bibliogràfiques
Autor principal: Orellana Bravo, Egidio (autor)
Format: Llibre
Idioma:espanyol
Publicat: Santiago Universitaria 1953
Matèries:
Etiquetes: Afegir etiqueta
Sense etiquetes, Sigues el primer a etiquetar aquest registre!

MARC

LEADER 00000nam a2200000 a 4500
001 UCY5763
003 CL-VaPUC
008 950512e19530000CL |||||||||||||||||spa|d
082 0 4 |a 150  |b ORE  |2 21 
100 |a Orellana Bravo, Egidio  |e autor  |9 334954 
245 1 0 |a Psicología general 
300 |a 535 p 
942 |c BK 
945 |d 19950512 00:00:00  |a cmena 
260 |a Santiago  |b Universitaria  |c 1953 
650 0 |a Psicología   |9 257863 
650 0 |a Ciencia  |9 255691 
650 0 |a Comportamiento   |9 308406 
650 7 |a INSTINTOS  |2 CL-VaPUC  |9 334636 
650 0 |a Comportamiento sexual  |9 334955 
650 0 |a Naturaleza humana   |9 308593 
650 0 |a Psicología fisiológica  |9 309849 
583 |a last modification  |c 19950512 00:00:00  |k Rodrigo Vera 
999 |c 233383  |d 233381 
952 |0 0  |1 0  |4 0  |6 150_000000000000000_ORE_1953  |7 0  |8 P  |9 238880  |a BIBEDU  |b BIBEDU  |c BIBEDU_PB  |d 2019-11-18  |i 1502670  |o 150 ORE 1953  |p 1502670  |r 2024-01-25  |w 2019-11-18  |y BK  |k EDU